5HLuxD.jpg

KING HENRY VIII SENIOR AND PRIMARY SCHOOL LIBRARY OPAC

Horses / (Record no. 1418)

000 -LEADER
fixed length control field 02069cam a22003977a 4500
001 - CONTROL NUMBER
control field 19033405
003 - CONTROL NUMBER IDENTIFIER
control field OSt
005 - DATE AND TIME OF LATEST TRANSACTION
control field 20221229122148.0
008 - FIXED-LENGTH DATA ELEMENTS--GENERAL INFORMATION
fixed length control field 160328t20172017mnua j 000 0 eng d
010 ## - LIBRARY OF CONGRESS CONTROL NUMBER
LC control number 2016937131
020 ## - INTERNATIONAL STANDARD BOOK NUMBER
International Standard Book Number 9781628323948 (pbk)
035 ## - SYSTEM CONTROL NUMBER
System control number (OCoLC)ocn962548284
040 ## - CATALOGING SOURCE
Original cataloging agency BTCTA
Language of cataloging eng
Transcribing agency BTCTA
Modifying agency BIB
-- OCLCO
-- YDX
-- OCLCF
-- SJP
-- VHP
-- NXA
-- QBX
-- DLC
-- KH8
042 ## - AUTHENTICATION CODE
Authentication code lccopycat
082 00 - DEWEY DECIMAL CLASSIFICATION NUMBER
Classification number 636.1 ARN
Edition number 23
100 1# - MAIN ENTRY--PERSONAL NAME
Personal name Arnold, Quinn M.,
Relator term author.
245 10 - TITLE STATEMENT
Title Horses /
Statement of responsibility, etc. Quinn M. Arnold.
250 ## - EDITION STATEMENT
Edition statement First edition.
264 #1 - PRODUCTION, PUBLICATION, DISTRIBUTION, MANUFACTURE, AND COPYRIGHT NOTICE
Place of production, publication, distribution, manufacture Mankato, Minnesota :
Name of producer, publisher, distributor, manufacturer Creative Education and Creative Paperbacks,
Date of production, publication, distribution, manufacture, or copyright notice [2017]
264 #4 - PRODUCTION, PUBLICATION, DISTRIBUTION, MANUFACTURE, AND COPYRIGHT NOTICE
Date of production, publication, distribution, manufacture, or copyright notice ©2017
300 ## - PHYSICAL DESCRIPTION
Extent 24 pages :
Other physical details color illustrations ;
Dimensions 23 cm.
336 ## - CONTENT TYPE
Content type term text
Content type code txt
Source rdacontent
337 ## - MEDIA TYPE
Media type term unmediated
Media type code n
Source rdamedia
338 ## - CARRIER TYPE
Carrier type term volume
Carrier type code nc
Source rdacarrier
490 1# - SERIES STATEMENT
Series statement Seedlings
504 ## - BIBLIOGRAPHY, ETC. NOTE
Bibliography, etc. note Includes bibliographical references and index.
520 ## - SUMMARY, ETC.
Summary, etc. "The popular Seedlings series offers irresistible introductions to animals, birds, sea life, insects, eco systems, and an array of transporation. Written in a friendly voice, filled with dynamic photos, and featuring text crafted for the youngest of readers, these books spotlight the bodies, behaviors, and habitats of living things and the parts, operation, and roles of vehicles. As introductions to informational text, these titles will plant the seeds of knowledge! A kindergarten-level introduction to monster trucks, covering their purpose, where they are found, the people who drive them, and such defining features as their fiberglass bodies and big wheels." --
Assigning source Amazon.com.
650 #0 - SUBJECT ADDED ENTRY--TOPICAL TERM
Topical term or geographic name entry element Horses
Form subdivision Juvenile literature.
650 #1 - SUBJECT ADDED ENTRY--TOPICAL TERM
Topical term or geographic name entry element Horses.
650 #7 - SUBJECT ADDED ENTRY--TOPICAL TERM
Topical term or geographic name entry element Horses.
Source of heading or term fast
Authority record control number or standard number (OCoLC)fst00960603
655 #7 - INDEX TERM--GENRE/FORM
Genre/form data or focus term Juvenile works.
Source of term fast
Authority record control number or standard number (OCoLC)fst01411637
830 #0 - SERIES ADDED ENTRY--UNIFORM TITLE
Uniform title Seedlings (Creative Education, Inc. (Mankato, Minn.))
906 ## - LOCAL DATA ELEMENT F, LDF (RLIN)
a 7
b cbc
c copycat
d 2
e ncip
f 20
g y-gencatlg
942 ## - ADDED ENTRY ELEMENTS (KOHA)
Source of classification or shelving scheme
Koha item type Books - Non Ficton
Holdings
Withdrawn status Lost status Source of classification or shelving scheme Damaged status Not for loan Collection code Permanent Location Current Location Shelving location Date acquired Total Checkouts Full call number Barcode Date last seen Date last checked out Price effective from Koha item type
          Non-Fiction KH8 Primary School Library KH8 Primary School Library Non Fiction 2022-12-29 18 636.1 ARN KHPL000003195 2025-12-05 2025-03-03 2022-12-29 Books - Non Ficton

Powered By KH8 IT Dept